000 01411nam a2200181Ia 4500
008 220216s9999 xx 000 0 und d
100 _aSasidharan K K
245 0 _aRoom temperature prevulcanized NR latex compounds for better latex-based products
260 _bRubber Asia Margma
_c2016
300 _a122-125
520 _aRoom temperature prevulcanized natural rubber latex prepared by a combination of accelerator systems was investigated with zinc diethyl dithiocarbamate/zinc dibutyl dithiocarbamate/sodium dibutyl dithio carbamate/zinc isopropyl xanthate/zinc 2-mercaptobenzothiazole (ZDEC/ZDBC/SDBC/ZIX/ZMBT). The colloidal stability and mechanical properties of the room temperature prevulcanized latex compound was investigated. The mechanical properties of prevulcanized latex compound was compared with that of a ZDEC system using heating method 60 degree C for 4h. The first combination of room temperature system using ZDEC/ZDBC/ZMBT (RT1), second ZDEC/ZIX/ZMBT (RT2) and third ZDEC/SDBC/ZMBT (RT3). The test result showed that RT1, RT2, and RT3 can bring about prevulcanization at room temperature. The latex film prepared from the room temperature prevulcanized latex compound gives better clarity than conventional prevulcanized samples.
650 _aAccelerator
650 _aCompounding
650 _aCrosslinking
650 _aPrevulcanization
650 _aSwelling
942 _cJS
999 _c67236
_d67236